000 00441nam a2200181 a 4500
001 2384
003 CO-ViMGA
008 141112s2004 ck r 000 u spa d
040 _aCO-ViMGA
_bspa
_cCO-ViMGA
082 0 4 _aMATs
100 1 _aMateos, Pilar
245 1 0 _aSilverio el grande
260 _aMadrid :
_bAnaya,
_c1993
300 _a138 p : il
490 _aEl duende verde, 58
650 1 4 _aCUENTOS INFANTILES
_92743
942 _2ddc
_cBK
999 _c14483
_d14483